000 00656nam a22002177a 4500
003 UA-OsUOA
001 128001
007 ta
008 20171227b un ||||| |||| 00| 0 ukr d
100 _aМаринчак В.
090 _a82
_bМ26
942 _cSA
040 _aUA-OsUOA
_bukr
_cUA-OsUOA
_dUA-OsUOA
245 _aІнтенціональність літературного твору: ціннісний синтез у катострофічному контексті
300 _aС.56-65
955 _a0
041 _aukr
080 _a82
773 0 _w128000
650 7 _a82 Література. Літературознавство
_2UDC
999 _c415306
_d415306